[Event "Verbandsliga Nordbaden 1415"]
[Site "Baden"]
[Date "2014.11.02"]
[Round "2.4"]
[White "Bongartz, Philipp"]
[Black "Rechmann, Klaus"]
[Result "1-0"]
[WhiteElo "2141"]
[BlackElo "2237"]
[PlyCount "87"]
[EventDate "2014.10.12"]
[EventType "team-tourn"]
[EventRounds "9"]
[EventCountry "GER"]
[SourceTitle "EXT 2022"]
[Source "ChessBase"]
[SourceDate "2021.10.06"]
[SourceVersion "1"]
[SourceVersionDate "2021.10.06"]
[SourceQuality "1"]
[WhiteTeam "Leimen"]
[BlackTeam "Hockenheim II"]
[WhiteTeamCountry "GER"]
[BlackTeamCountry "GER"]

1. e4 c5 2. Nf3 e6 3. d4 cxd4 4. Nxd4 Nf6 5. Bd3 d6 6. c4 Nc6 7. Nxc6 bxc6 8. 0-0 Be7 9. Be3 e5 10. Nc3 0-0 11. b4 Ng4 12. Bd2 Bg5 13. a4 Bxd2 14. Qxd2 Be6 15. Be2 Qc7 16. Rfc1 Rad8 17. a5 f5 18. f3 Nf6 19. b5 fxe4 20. fxe4 Rf7 21. Qe3 Rb8 22. Nd5 Bxd5 23. exd5 c5 24. Rf1 Rbf8 25. Qh3 Qd7 26. Qxd7 Rxd7 27. Ra3 Ne4 28. Bg4 Rxf1+ 29. Kxf1 Rb7 30. Ke2 Kf8 31. Bc8 Rb8 32. Bd7 Ke7 33. Bc6 Nf6 34. b6 a6 35. Bb5 axb5 36. a6 Nd7 37. a7 b4 38. axb8Q Nxb8 39. Ra8 b3 40. Kd1 e4 41. Rxb8 b2 42. Kc2 e3 43. Re8+ Kxe8 44. b7 1-0

[Event "Salento op 3rd"]
[Site "Gallipoli"]
[Date "2014.05.24"]
[Round "9"]
[White "Richardt, Mike"]
[Black "Bongartz, Philipp"]
[Result "0-1"]
[WhiteElo "1974"]
[BlackElo "2173"]
[PlyCount "57"]
[EventDate "2014.05.17"]
[EventType "swiss"]
[EventRounds "9"]
[EventCountry "ITA"]
[SourceTitle "CBM 160 Extra"]
[Source "ChessBase"]
[SourceDate "2014.07.01"]
[SourceVersion "1"]
[SourceVersionDate "2014.07.01"]
[SourceQuality "1"]

1. d4 d5 2. Nf3 c6 3. e3 e6 4. c4 Nd7 5. Bd3 Bd6 6. 0-0 f5 7. Qc2 Nh6 8. Nbd2 0-0 9. b3 Rf6 10. e4 fxe4 11. Bxe4 dxe4 12. Nxe4 Nf7 13. Nxf6+ Qxf6 14. Qe4 Qf5 15. Qxf5 exf5 16. Bb2 Nf8 17. Rfe1 Bd7 18. Rad1 Rd8 19. Bc3 Re8 20. Rxe8 Bxe8 21. Ne5 Nxe5 22. dxe5 Be7 23. Bd4 c5 24. Be3 g5 25. f4 gxf4 26. Bxf4 Kf7 27. Kf2 Ke6 28. g3 Ng6 29. Re1 0-1

[Event "Reykjavik op"]
[Site "Reykjavik"]
[Date "2014.03.08"]
[Round "6"]
[White "Rapport, Jovana"]
[Black "Bongartz, Philipp"]
[Result "1-0"]
[WhiteElo "2323"]
[BlackElo "2143"]
[PlyCount "129"]
[EventDate "2014.03.04"]
[EventType "swiss"]
[EventRounds "10"]
[EventCountry "ISL"]
[SourceTitle "CBM 159 Extra"]
[Source "ChessBase"]
[SourceDate "2014.04.24"]
[SourceVersion "1"]
[SourceVersionDate "2014.04.24"]
[SourceQuality "1"]

1. Nf3 d5 2. g3 c6 3. Bg2 Nf6 4. 0-0 Bf5 5. b3 h6 6. Bb2 e6 7. c4 Be7 8. d3 0-0 9. Nbd2 Bh7 10. Rc1 Nbd7 11. Rc2 Rc8 12. Qa1 Ne8 13. Rfc1 Bf6 14. Ne5 Nxe5 15. Bxe5 Bxe5 16. Qxe5 Nd6 17. b4 Qd7 18. b5 Rfe8 19. bxc6 bxc6 20. Bf3 Bg6 21. Rb2 f6 22. Qc3 Rb8 23. Rcb1 Rxb2 24. Rxb2 Bf7 25. Qb4 Rc8 26. c5 Ne8 27. e3 e5 28. d4 Kf8 29. Be2 Ke7 30. dxe5 fxe5 31. Nf3 Qe6 32. Qc3 Kf6 33. Ne1 g5 34. f4 gxf4 35. exf4 d4 36. Qd2 Kg7 37. Nf3 Qd5 38. fxe5 Qxc5 39. Qxd4 Qxd4+ 40. Nxd4 Rc7 41. Nf5+ Kh7 42. Ne3 Re7 43. Bd3+ Bg6 44. Bxg6+ Kxg6 45. Nc4 Kf5 46. Re2 Rd7 47. Kf2 Rd4 48. Rc2 Ng7 49. Na5 c5 50. Nb3 Re4 51. Rxc5 Ra4 52. Ra5 Rxa5 53. Nxa5 Ke4 54. Nc6 a6 55. a4 Ne6 56. Nb4 a5 57. Nc6 Nc5 58. Nxa5 Kd5 59. Kf3 Kxe5 60. Nc4+ Kd4 61. Nb6 Ke5 62. Kg4 Kf6 63. Kh5 Kg7 64. a5 Kh7 65. Nd5 1-0

[Event "Reykjavik op"]
[Site "Reykjavik"]
[Date "2014.03.07"]
[Round "5"]
[White "Bongartz, Philipp"]
[Black "Klundt, Klaus"]
[Result "1/2-1/2"]
[WhiteElo "2143"]
[BlackElo "2341"]
[PlyCount "125"]
[EventDate "2014.03.04"]
[EventType "swiss"]
[EventRounds "10"]
[EventCountry "ISL"]
[SourceTitle "CBM 159 Extra"]
[Source "ChessBase"]
[SourceDate "2014.04.24"]
[SourceVersion "1"]
[SourceVersionDate "2014.04.24"]
[SourceQuality "1"]

1. e4 c5 2. Nf3 Nc6 3. d4 cxd4 4. Nxd4 Qb6 5. Nb3 Nf6 6. Nc3 e6 7. Bd3 Be7 8. Be3 Qc7 9. f4 d6 10. 0-0 a6 11. Nd4 0-0 12. Kh1 Nxd4 13. Bxd4 e5 14. Bg1 exf4 15. Rxf4 Be6 16. Nd5 Bxd5 17. exd5 g6 18. c4 Nd7 19. Qf1 Bg5 20. Re4 Bf6 21. Rb1 a5 22. b3 Be5 23. a3 Rae8 24. b4 axb4 25. axb4 b6 26. Rc1 Bg7 27. Rxe8 Rxe8 28. Re1 Rxe1 29. Qxe1 Be5 30. Qe2 Qa7 31. Qc2 Qa1 32. Qb1 Qxb1 33. Bxb1 Bc3 34. Bd3 Bxb4 35. Bd4 Bc5 36. Bc3 h5 37. g3 Ne5 38. Be2 Kf8 39. Kg2 Ke7 40. h3 Be3 41. g4 hxg4 42. hxg4 Bg5 43. Bd4 Nd7 44. Bd1 Bd2 45. Kg3 Bb4 46. Be2 Bc5 47. Bc3 Be3 48. Kf3 Bg5 49. Bd4 Kd8 50. Ke4 Kc7 51. Kd3 Bf4 52. Ke4 Be5 53. Be3 b5 54. cxb5 Nf6+ 55. Kf3 Nxd5 56. Bc4 Nxe3 57. Kxe3 f5 58. g5 Bb2 59. Bf7 Bc1+ 60. Kd4 Bxg5 61. Bxg6 f4 62. Kd5 f3 63. b6+ 1/2-1/2

[Event "Stuttgart-chA int"]
[Site "Ditzingen"]
[Date "2013.05.10"]
[Round "4"]
[White "Raupp, Thomas"]
[Black "Bongartz, Philipp"]
[Result "0-1"]
[WhiteElo "2325"]
[BlackElo "2121"]
[PlyCount "62"]
[EventDate "2013.05.09"]
[EventType "swiss"]
[EventRounds "7"]
[EventCountry "GER"]
[SourceTitle "EXT 2014"]
[Source "ChessBase"]
[SourceDate "2013.11.20"]
[SourceVersion "1"]
[SourceVersionDate "2013.11.20"]
[SourceQuality "1"]

1. d4 d5 2. c4 e6 3. Nc3 c5 4. cxd5 cxd4 5. Qa4+ Bd7 6. Qxd4 exd5 7. Qxd5 Nf6 8. Qb3 Na6 9. Nf3 Nc5 10. Qd1 Nce4 11. e3 Bb4 12. Qd4 Qe7 13. Bd3 Rd8 14. Bxe4 Bb5 15. Qxa7 Nxe4 16. Bd2 Bxc3 17. Bxc3 0-0 18. Qa5 Nxc3 19. bxc3 Bc4 20. Rd1 Ra8 21. Qb4 Qxb4 22. cxb4 Rxa2 23. Nd4 Rfa8 24. h4 Rb2 25. Rh3 h5 26. b5 Bd5 27. Rg3 Raa2 28. f3 Bc4 29. Rc1 g6 30. f4 Bd3 31. Rg5 Rf2 0-1

[Event "Regionalliga Mittelrhein 1213"]
[Site "Germany"]
[Date "2013.02.03"]
[Round "7.1"]
[White "Cordts, Ingo"]
[Black "Bongartz, Philipp"]
[Result "1-0"]
[WhiteElo "2198"]
[BlackElo "2121"]
[PlyCount "71"]
[EventDate "2012.09.09"]
[EventType "team"]
[EventRounds "11"]
[EventCountry "GER"]
[SourceTitle "EXT 2015"]
[Source "ChessBase"]
[SourceDate "2014.11.20"]
[SourceVersion "1"]
[SourceVersionDate "2014.11.20"]
[SourceQuality "1"]
[WhiteTeam "Koeln Ford SF"]
[BlackTeam "Godesberg IV"]
[WhiteTeamCountry "GER"]
[BlackTeamCountry "GER"]

1. e4 c5 2. Nc3 e6 3. f4 d5 4. Nf3 d4 5. Nb1 Nf6 6. d3 Nc6 7. g3 Be7 8. Bg2 0-0 9. 0-0 a6 10. a4 Rb8 11. h3 b5 12. g4 c4 13. axb5 axb5 14. g5 Nd7 15. Kh1 Nc5 16. Rg1 cxd3 17. cxd3 Nb4 18. Bf1 Bb7 19. Ne5 Ra8 20. Ra3 Qc7 21. Rxa8 Rxa8 22. Na3 Qb6 23. Kh2 Na4 24. Qh5 g6 25. Qh4 Na2 26. Bd2 Nxb2 27. Nc2 b4 28. Nd7 Qd8 29. Nf6+ Bxf6 30. gxf6 b3 31. Ne1 Nd1 32. Nf3 b2 33. Ne5 Bc8 34. Nxf7 Qe8 35. Rxg6+ hxg6 36. Qh8+ 1-0

[Event "Regionalliga Mittelrhein 1213"]
[Site "Germany"]
[Date "2012.10.21"]
[Round "3.1"]
[White "Hovhannisyan, Mher"]
[Black "Bongartz, Philipp"]
[Result "1/2-1/2"]
[WhiteElo "2463"]
[BlackElo "2121"]
[PlyCount "79"]
[EventDate "2012.09.09"]
[EventType "team"]
[EventRounds "11"]
[EventCountry "GER"]
[SourceTitle "EXT 2015"]
[Source "ChessBase"]
[SourceDate "2014.11.20"]
[SourceVersion "1"]
[SourceVersionDate "2014.11.20"]
[SourceQuality "1"]
[WhiteTeam "Wuerselen"]
[BlackTeam "Godesberg IV"]
[WhiteTeamCountry "GER"]
[BlackTeamCountry "GER"]

1. e4 c5 2. c3 b6 3. d4 Bb7 4. Bd3 Nf6 5. Qe2 cxd4 6. cxd4 Nc6 7. Nf3 Nb4 8. Nc3 Nxd3+ 9. Qxd3 e6 10. Bg5 d6 11. d5 Be7 12. dxe6 fxe6 13. Nd4 Qd7 14. 0-0 0-0 15. Qb5 Qxb5 16. Ncxb5 h6 17. Bxf6 Rxf6 18. Rac1 Bxe4 19. Nc7 Rc8 20. Nd5 Rxc1 21. Nxe7+ Kf7 22. Rxc1 Kxe7 23. Rc7+ Kf8 24. f3 Bd5 25. Rxa7 Rf7 26. Rxf7+ Kxf7 27. b3 Kf6 28. Kf2 e5 29. Nb5 Ke7 30. h4 Bc6 31. Nc3 d5 32. g3 Kd6 33. Ke2 Kc5 34. a3 Kd6 35. Nb1 Bb5+ 36. Ke3 d4+ 37. Kf2 Bd3 38. Nd2 Kd5 39. h5 b5 40. Ke1 1/2-1/2

[Event "Mittelrhein Verbandsliga-O 1112"]
[Site "Germany"]
[Date "2011.12.11"]
[Round "4"]
[White "Wieferig, Wolfgang"]
[Black "Bongartz, Philipp"]
[Result "1/2-1/2"]
[WhiteElo "2174"]
[BlackElo "2094"]
[PlyCount "105"]
[EventDate "2011.09.18"]
[EventType "team-tourn"]
[EventRounds "11"]
[EventCountry "GER"]
[SourceTitle "EXT 2013"]
[Source "ChessBase"]
[SourceDate "2012.11.22"]
[SourceVersion "1"]
[SourceVersionDate "2012.11.22"]
[SourceQuality "1"]
[WhiteTeam "Freibauer Eikamp"]
[BlackTeam "Godesberg IV"]
[WhiteTeamCountry "GER"]
[BlackTeamCountry "GER"]

1. e4 c5 2. Nf3 Nf6 3. Nc3 d5 4. e5 Ne4 5. Bb5+ Nc6 6. Qe2 Nxc3 7. dxc3 Qb6 8. c4 d4 9. Qe4 Bd7 10. a4 a6 11. a5 Qd8 12. e6 axb5 13. exd7+ Qxd7 14. cxb5 Nxa5 15. 0-0 Qxb5 16. b4 cxb4 17. Nxd4 Qb6 18. Nb3 Ra6 19. Rxa5 Rxa5 20. Nxa5 Qxa5 21. Qxb7 f6 22. Re1 Qc5 23. Qa8+ Kf7 24. Qa2+ Kg6 25. Re3 h6 26. Rg3+ Kh7 27. Be3 Qh5 28. Qb1 f5 29. Bd4 Rg8 30. Re3 e5 31. Bxe5 Bc5 32. Rf3 Re8 33. Bg3 Re4 34. h3 Qe8 35. Kh2 Qe6 36. c3 b3 37. c4 Bd6 38. Qxb3 Bxg3+ 39. fxg3 Qxc4 40. Qb1 Qe6 41. h4 Qg6 42. Qb5 Rg4 43. Qd5 Re4 44. Rxf5 Re3 45. Rf3 Qe4 46. Qf7 Re2 47. h5 Qc2 48. Kh3 Rxg2 49. Qg6+ Kg8 50. Qe6+ Kh7 51. Qg6+ Kg8 52. Qe8+ Kh7 53. Qg6+ 1/2-1/2

[Event "NRW-ch"]
[Site "Muenster"]
[Date "2011.10.24"]
[Round "3"]
[White "Beutelhoff, Josef"]
[Black "Bongartz, Philipp"]
[Result "1/2-1/2"]
[WhiteElo "2118"]
[BlackElo "2102"]
[PlyCount "36"]
[EventDate "2011.10.23"]
[EventType "swiss"]
[EventRounds "7"]
[EventCountry "GER"]
[SourceTitle "EXT 2013"]
[Source "ChessBase"]
[SourceDate "2012.11.22"]
[SourceVersion "1"]
[SourceVersionDate "2012.11.22"]
[SourceQuality "1"]

1. d4 d5 2. c4 e6 3. cxd5 exd5 4. Nc3 c6 5. Bf4 Qb6 6. Qd2 Nf6 7. f3 Bf5 8. g4 Be6 9. e3 Nbd7 10. Bd3 c5 11. Nge2 a6 12. Rc1 Be7 13. Bb1 Rd8 14. Na4 Qa7 15. dxc5 Nxc5 16. Nxc5 Bxc5 17. Nd4 Qb6 18. 0-0 Bd6 1/2-1/2

[Event "SVM-ch 1011"]
[Site "Bad Godesberg"]
[Date "2011.06.24"]
[Round "3"]
[White "Dzierzenga, Stefan"]
[Black "Bongartz, Philipp"]
[Result "0-1"]
[WhiteElo "2215"]
[BlackElo "2094"]
[PlyCount "123"]
[EventDate "2011.06.22"]
[EventType "swiss"]
[EventRounds "5"]
[EventCountry "GER"]
[SourceTitle "EXT 2012"]
[Source "ChessBase"]
[SourceDate "2011.11.24"]
[SourceVersion "1"]
[SourceVersionDate "2011.11.24"]
[SourceQuality "1"]

1. e4 c5 2. Nf3 Nc6 3. d4 cxd4 4. Nxd4 Nf6 5. Nc3 e5 6. Ndb5 d6 7. Bg5 a6 8. Bxf6 gxf6 9. Na3 f5 10. Qh5 b5 11. Nd5 Be6 12. Bd3 Rg8 13. f4 Rxg2 14. Ne3 Qa5+ 15. Kf1 Rg7 16. exf5 Qb4 17. Qf3 Rc8 18. fxe6 Qxb2 19. Rd1 Qxa3 20. Nf5 Rg6 21. exf7+ Kd8 22. Rg1 Rf6 23. Rg8 Kc7 24. Qd5 Nb4 25. Qe4 Rxf7 26. fxe5 Nxd3 27. exd6+ Qxd6 28. Rxd3 Qc6 29. Qxc6+ Kxc6 30. Rf3 Kb6 31. Nd4 Rxf3+ 32. Nxf3 Kb7 33. Ne1 Bd6 34. Rxc8 Kxc8 35. h3 Kc7 36. Ke2 Kc6 37. Kd3 Be7 38. c4 Bf6 39. cxb5+ Kxb5 40. Nc2 Ka4 41. Kc4 Ka5 42. Kb3 Kb5 43. Nb4 a5 44. a4+ Kc5 45. Na6+ Kd4 46. Nb8 Kd3 47. Nd7 Bd4 48. Nf8 h6 49. Ne6 Bf2 50. Nd8 Be1 51. Nf7 h5 52. Ne5+ Ke4 53. Nc6 Kf3 54. Kc2 h4 55. Kd3 Kf2 56. Ke4 Kg3 57. Ne5 Bc3 58. Nc4 Kxh3 59. Kf3 Kh2 60. Kf2 h3 61. Kf1 Bd4 62. Nd6 0-1

[Event "Regionalliga SW 0607"]
[Site "Bayern"]
[Date "2007.03.18"]
[Round "7.8"]
[White "Jovanovic, Alexander"]
[Black "Bongartz, Philipp"]
[Result "1-0"]
[WhiteElo "1893"]
[BlackElo "1942"]
[PlyCount "129"]
[EventDate "2006.10.15"]
[EventType "team-tourn"]
[EventRounds "9"]
[EventCountry "GER"]
[SourceTitle "EXT 2008"]
[Source "ChessBase"]
[SourceDate "2007.11.25"]
[SourceVersion "1"]
[SourceVersionDate "2007.11.25"]
[SourceQuality "1"]
[WhiteTeam "Bayern Muenchen III"]
[BlackTeam "Unterhaching"]
[WhiteTeamCountry "GER"]
[BlackTeamCountry "GER"]

1. d4 f5 2. Nf3 Nf6 3. g3 d6 4. Bg2 g6 5. 0-0 Bg7 6. c3 0-0 7. Nbd2 Nc6 8. Re1 e5 9. Qb3+ Kh8 10. Ng5 e4 11. Nf7+ Rxf7 12. Qxf7 d5 13. Nf1 Bd7 14. Bf4 Qc8 15. Ne3 g5 16. Be5 Nxe5 17. dxe5 Be6 18. Qe7 h6 19. Nxf5 Bxf5 20. exf6 Bf8 21. Qe5 c6 22. c4 Qe6 23. Qxe6 Bxe6 24. cxd5 cxd5 25. f3 Bc5+ 26. e3 d4 27. fxe4 dxe3 28. Rac1 b6 29. Rxc5 bxc5 30. Rxe3 Rd8 31. Kf2 Bxa2 32. e5 Rd2+ 33. Re2 Rxe2+ 34. Kxe2 Kg8 35. Kd3 Kf7 36. Ke4 Bc4 37. Bf3 Ba2 38. Bh5+ Ke6 39. Bg4+ Kf7 40. Bd1 Ke6 41. Bh5 Bb1+ 42. Ke3 Ba2 43. h4 Bd5 44. hxg5 hxg5 45. Bg6 Bb3 46. Kd2 Bc4 47. Ke3 Bb3 48. Bh5 Bd5 49. Kf2 a5 50. Ke3 Bb3 51. Kd2 Ba2 52. Kc3 Bd5 53. b3 Be4 54. f7 Ke7 55. Kc4 Bc2 56. g4 a4 57. bxa4 Bxa4 58. Kxc5 Bd7 59. Kd4 Be6 60. Ke4 Bd7 61. Kd5 Be6+ 62. Kc6 Bd7+ 63. Kc7 Ba4 64. f8Q+ Kxf8 65. Kd6 1-0

[Event "Regionalliga SW 0506"]
[Site "Bayern"]
[Date "2006.03.12"]
[Round "8.8"]
[White "Rubke, Manfred"]
[Black "Bongartz, Philipp"]
[Result "1-0"]
[WhiteElo "2085"]
[BlackElo "1961"]
[PlyCount "179"]
[EventDate "2005.10.23"]
[EventType "team-tourn"]
[EventRounds "9"]
[EventCountry "GER"]
[SourceTitle "EXT 2007"]
[Source "ChessBase"]
[SourceDate "2006.11.23"]
[SourceVersion "1"]
[SourceVersionDate "2006.11.23"]
[SourceQuality "1"]

1. c4 f5 2. f4 Nf6 3. Nf3 b6 4. g3 Bb7 5. Bg2 e6 6. Nc3 c5 7. d3 Be7 8. e4 d6 9. 0-0 Nbd7 10. Ng5 Nf8 11. Qe2 h6 12. Nf3 N8d7 13. exf5 exf5 14. Nh4 Bxg2 15. Kxg2 0-0 16. Nxf5 Rf7 17. Re1 Bf8 18. Qe6 Qc7 19. Qe2 Re8 20. Ne3 g5 21. fxg5 Qb7+ 22. Kg1 Ne5 23. Rf1 hxg5 24. Qg2 Qd7 25. Ned5 Nxd5 26. Nxd5 g4 27. Rxf7 Kxf7 28. Bf4 Nf3+ 29. Kh1 Qf5 30. Ne3 Qe6 31. Rf1 Kg6 32. h3 Bg7 33. Nxg4 Qxg4 34. Rxf3 Rh8 35. h4 Re8 36. Kh2 Re1 37. Rf1 Re2 38. Rf2 Re1 39. Bd2 Re6 40. Qd5 Be5 41. Qf3 Qxh4+ 42. Kg2 Qe7 43. Qg4+ Kh7 44. Bg5 Qe8 45. Kf1 Bg7 46. Qf5+ Kg8 47. Qd5 Kh7 48. Rh2+ Kg6 49. Bd2 Rf6+ 50. Bf4 Qe5 51. Qf3 Qf5 52. Rf2 Bh6 53. Kg2 Bxf4 54. Qxf4 Qxf4 55. Rxf4 Re6 56. Re4 Rf6 57. Rf4 Re6 58. Kf2 d5 59. cxd5 Rd6 60. Ke3 Rxd5 61. a4 Rg5 62. g4 Rd5 63. Re4 Kg5 64. Re7 Kxg4 65. Rxa7 Rd4 66. Rb7 Rxa4 67. Rxb6 Ra1 68. Kd2 Ra5 69. Kc3 Kf4 70. Kc4 Ke3 71. Kc3 Kf4 72. b3 Ke3 73. Re6+ Kf4 74. Kc4 Kf5 75. Rc6 Ra1 76. Kxc5 Rd1 77. Kd4 Rb1 78. Rb6 Rb2 79. Kd5 Rb1 80. d4 Rd1 81. b4 Rb1 82. b5 Rb2 83. Rb8 Kf6 84. Kd6 Kf7 85. d5 Rh2 86. Kd7 Rh5 87. d6 Rc5 88. b6 Rc1 89. Rc8 Rb1 90. Rc6 1-0

[Event "Regionalliga SW 0405"]
[Site "Bayern"]
[Date "2005.03.13"]
[Round "8.8"]
[White "Bongartz, Philipp"]
[Black "Barskiy, Vitaliy"]
[Result "1-0"]
[WhiteElo "1929"]
[BlackElo "1719"]
[PlyCount "71"]
[EventDate "2004.10.24"]
[EventType "team-tourn"]
[EventRounds "9"]
[EventCountry "GER"]
[SourceTitle "EXT 2007"]
[Source "ChessBase"]
[SourceDate "2006.11.23"]
[SourceVersion "1"]
[SourceVersionDate "2006.11.23"]
[SourceQuality "1"]
[WhiteTeam "Unterhaching"]
[BlackTeam "Haunstetten"]
[WhiteTeamCountry "GER"]
[BlackTeamCountry "GER"]

1. e4 c6 2. d4 d5 3. Nc3 Nf6 4. e5 Nfd7 5. e6 fxe6 6. Nf3 Nf6 7. Bd3 Na6 8. Ne5 Nb4 9. g4 Nxd3+ 10. Qxd3 Qa5 11. Bd2 Nd7 12. f4 Nxe5 13. fxe5 Bd7 14. h4 0-0-0 15. g5 g6 16. 0-0-0 Bg7 17. h5 gxh5 18. Rxh5 Be8 19. Rxh7 Rg8 20. Kb1 Qc7 21. Ne2 Kb8 22. Nf4 Bd7 23. Nh5 Bf8 24. g6 Be8 25. Rg1 c5 26. Nf4 Qc8 27. g7 Bf7 28. Be3 c4 29. Qd2 Qd7 30. gxf8Q Rxg1+ 31. Bxg1 Rxf8 32. a3 b6 33. Be3 a6 34. Qb4 Kc7 35. Ng6 a5 36. Nxf8 1-0

[Event "Regionalliga SW 0304"]
[Site "Bayern"]
[Date "2003.11.23"]
[Round "3.8"]
[White "Hennig, Bernd"]
[Black "Bongartz, Philipp"]
[Result "1/2-1/2"]
[WhiteElo "1863"]
[BlackElo "1861"]
[PlyCount "113"]
[EventDate "2003.10.??"]
[EventType "team"]
[EventRounds "9"]
[EventCountry "GER"]
[SourceTitle "EXT 2006"]
[Source "ChessBase"]
[SourceDate "2005.11.24"]
[SourceVersion "1"]
[SourceVersionDate "2005.11.24"]
[SourceQuality "1"]
[WhiteTeam "Muenchen RTA"]
[BlackTeam "Unterhaching"]
[WhiteTeamCountry "GER"]
[BlackTeamCountry "GER"]

1. Nf3 Nf6 2. g3 d5 3. Bg2 c6 4. d3 Bf5 5. 0-0 Nbd7 6. Nbd2 e5 7. e4 dxe4 8. dxe4 Be6 9. b3 Bb4 10. Bb2 Qa5 11. a3 Bd6 12. Ng5 Bg4 13. f3 Bh5 14. b4 Qc7 15. c4 b6 16. Qb3 Rd8 17. Qe3 0-0 18. h4 Bg6 19. Nh3 Nc5 20. Kh2 Ne6 21. Nb3 c5 22. b5 Bxe4 23. Ng5 Bf5 24. Nxe6 Bxe6 25. Nd2 Rfe8 26. Rad1 Bf5 27. Qg5 Bg6 28. Ne4 Nxe4 29. fxe4 f6 30. Qe3 Be7 31. Bh3 Bf7 32. Rd5 Bxd5 33. exd5 Bd6 34. Qe4 Qf7 35. Bc1 Qg6 36. Bf5 Qh5 37. Kh3 g6 38. Be6+ Rxe6 39. dxe6 f5 40. Qb7 Qg4+ 41. Kg2 Qe4+ 42. Qxe4 fxe4 43. Rf7 Re8 44. Rxa7 Rxe6 45. Bh6 Re7 46. Rxe7 Bxe7 47. Kf2 Kf7 48. Ke3 Bd8 49. Kxe4 Ke6 50. a4 Bc7 51. Bg5 Kd6 52. Bd2 h5 53. Bh6 Ke6 54. Bf8 Kf7 55. Bh6 Ke6 56. Bg7 Bd6 57. Bh6 1/2-1/2